Loading...
| History - Other History | 0 | 2 | 0 | 0 | 20 | 63 | 66.00 | 0 | 2 |
| Science - Chemistry | 0 | 2 | 0 | 1 | 20 | 70 | 88.50 | 0 | 0 |
| Geography/Current Events | 0 | 2 | 0 | 1 | 20 | 52 | 82.00 | 0 | 1 |
| History - American History | 0 | 2 | 1 | 0 | 15 | 61 | 82.50 | 1 | 1 |
| Fine Arts - Classical Music | 0 | 1 | 0 | 0 | 10 | 77 | 77.00 | 0 | 1 |
| Fine Arts - Other Fine Arts | 0 | 1 | 0 | 0 | 10 | 102 | 102.00 | 0 | 0 |
| Philosophy | 0 | 1 | 0 | 1 | 10 | 135 | 135.00 | 0 | 0 |
| Pop Culture | 0 | 1 | 0 | 0 | 10 | 142 | 142.00 | 0 | 0 |
| Science - Biology | 0 | 1 | 0 | 1 | 10 | 114 | 114.00 | 0 | 0 |
| Mythology | 0 | 1 | 1 | 0 | 5 | 83 | 83.00 | 0 | 0 |
| Fine Arts - Visual Fine Arts | 0 | 1 | 1 | 0 | 5 | 124 | 124.00 | 0 | 0 |
| History - World History | 0 | 1 | 2 | 0 | 0 | 24 | 24.00 | 0 | 1 |